000 00445nam a2200157 4500
001 126246
003 ES-MaACL
007 t|
008 070214s1982 sp r ||||1| spa d
100 1 _aRecalde, José Ramón.
_995735
245 1 3 _aLa construcción de las naciones /
_cJosé Ramón Recalde.
250 _a1ª: ed.
260 _aMadrid :
_bSiglo Veintiuno,
_c1982.
300 _aIV, 482 p. ;
_c23 cm.
852 _aES-MaACL
_jL-4107
_bR.104790
999 _c126246
_d126246